00458cam a2200157ua 45000010005000000080039000050400009000440820013000531000027000662450075000932500009001682600038001773000017002156530018002326530050002504161111219n ii |||gr||||Z||||||asm cMAIN a891.45111 aHazarika, Karabi Deka,11aAdunikatar pratham puharat asomiya aru banglacby Karabi Deka Hazarika a1st. aDhemaji:bKiran Prakashan,c2008. a152p:c23cm. aAssamese poem aAdunikatar pratham puharat asomiya aru bangla